Multiplex Constructions (UK) Limited v Cleveland Bridge UK Limited and Cleveland Bridge Dorman Long Engineering Ltd (No. 6) (Record no. 80901)
[ view plain ]
| 000 -LEADER | |
|---|---|
| fixed length control field | 02358cab a22002655a 4500 |
| 001 - CONTROL NUMBER | |
| control field | L145611 |
| 008 - FIXED-LENGTH DATA ELEMENTS--GENERAL INFORMATION | |
| fixed length control field | 081027e20080929xxk v 000 0 eng u |
| 035 ## - SYSTEM CONTROL NUMBER | |
| System control number | (Sirsi) u145611 |
| 041 0# - LANGUAGE CODE | |
| Language code of text/sound track or separate title | eng |
| 245 00 - TITLE STATEMENT | |
| Title | Multiplex Constructions (UK) Limited v Cleveland Bridge UK Limited and Cleveland Bridge Dorman Long Engineering Ltd (No. 6) |
| 260 ## - PUBLICATION, DISTRIBUTION, ETC. | |
| Date of publication, distribution, etc. | 2008 |
| 520 ## - SUMMARY, ETC. | |
| Summary, etc. | [2008] EWHC 2220 (TCC), 29 September 2008. The case discusses whether a main contractor could be entitled to damages for breach of contract of a subcontractor. Multiplex Constructions Limited (M), main contractor for the construction of the National Wembley Stadium, contracted with Cleveland Bridge (C) for steel work. M claimed damages against C for breach of contract. Following several disagreements, M reduced C's obligations and fixed a new price for works to be completed by C. C parted from M. The Court of Appeal ruled that C was responsible for breach of contract. The court had to decide: which amount was to be paid by each party to the other; the acceptability of a witness' evidence; and the validity of M's claims for damages. Held: The witness was just a factual witness. M had rights to recover damages for defects. C had to repay M for overpayment for works done. Because of the repudiation, M had gained profit as payments made to other contractor (H) replacing M were cheaper. When C repudiated, M had already decided to part and contracted with H to replace C, therefore M did not suffer loss of production nor delay to the project. C had to repay M damages for breach of contract and interest. |
| 520 ## - SUMMARY, ETC. | |
| Summary, etc. | See also L133948 and L145615 |
| 590 ## - LOCAL NOTE (RLIN) | |
| Local note | KA |
| 650 24 - SUBJECT ADDED ENTRY--TOPICAL TERM | |
| Topical term or geographic name entry element | MULTIPLEX CONSTRUCTIONS (UK) LTD V CLEVELAND BRIDGE UK LTD AND ANOTHER |
| 650 24 - SUBJECT ADDED ENTRY--TOPICAL TERM | |
| Topical term or geographic name entry element | LUSTY ARCHITECTS V FINSBURY SECURITIES |
| 650 24 - SUBJECT ADDED ENTRY--TOPICAL TERM | |
| Topical term or geographic name entry element | DN V GREENWICH LBC |
| 650 24 - SUBJECT ADDED ENTRY--TOPICAL TERM | |
| Topical term or geographic name entry element | MAREDELANTO COMPANIA NAVIERA SA V BERGBAU-HANDEL GMBH (THE MIHALIS ANGELOS) |
| 650 24 - SUBJECT ADDED ENTRY--TOPICAL TERM | |
| Topical term or geographic name entry element | GOLDEN STRAIT CORPORATION V NIPPON YUSEN KUBISHKA KAISHA |
| 651 #4 - SUBJECT ADDED ENTRY--GEOGRAPHIC NAME | |
| Geographic name | England and Wales |
| Chronological subdivision | 1543- |
| 690 ## - LOCAL SUBJECT ADDED ENTRY--TOPICAL TERM (OCLC, RLIN) | |
| Topical term or geographic name as entry element | MANAGEMENT-DISPUTE AVOIDANCE, MANAGEMENT AND RESOLUTION-DISPUTE MANAGEMENT AND RESOLUTION |
| 690 ## - LOCAL SUBJECT ADDED ENTRY--TOPICAL TERM (OCLC, RLIN) | |
| Topical term or geographic name as entry element | BUILT ENVIRONMENT-CONSTRUCTION MANAGEMENT-BUILDING CONTRACT ADMINISTRATION |
| 856 40 - ELECTRONIC LOCATION AND ACCESS | |
| Uniform Resource Identifier | <a href="https://www.bailii.org/ew/cases/EWHC/TCC/2008/2220.html">https://www.bailii.org/ew/cases/EWHC/TCC/2008/2220.html</a> |
| Public note | View the item free of charge at www.bailii.org... |
| 942 ## - ADDED ENTRY ELEMENTS (KOHA) | |
| Suppress in OPAC | 0 |
| Withdrawn status | Lost status | Source of classification or shelving scheme | Damaged status | Not for loan | Home library | Current library | Shelving location | Date acquired | Total Checkouts | Full call number | Barcode | Date last seen | Copy number | Price effective from | Koha item type |
|---|---|---|---|---|---|---|---|---|---|---|---|---|---|---|---|
| Dewey Decimal Classification | Virtual | Virtual | Online | 27/10/2008 | ONLINE PUBLICATION | 145611-2001 | 06/08/2019 | 1 | 06/08/2019 | Law report |